000 00287nam a2200109Ia 4500
008 090707b ii f a fnsan d
100 _aDr. Kaur, Manjit
_919870
245 _aPunjabi Bhasha : Varton Ate Bantar
260 _c2008
_aChandigar
_bLok Geet Prak.
300 _a136p.
942 _cBK
999 _c4892
_d4892